00513nam a22001817a 450000500170000001000150001702000260003203500140005803700090007208200140008110000240009524500530011925000060017226000480017827000820022630000200030870000030032820240823153633.0 aENG-141444 a9788196332983c495.00 aEN-124976 bDBAD a820.9221 aSamuel, Susie Baboo aThe Bear Wore a Swimsuit/cBy Susie Baboo Samuel a1 aNew DelhibVitasta Publishing Pvt Ltdc2024 a2/15, Ansari Road, Daryaganj,bNew Delhi e110002minfo@vitastapublishing.com a262p.c23cm(pb)